| 000 | 00598nam a2200217Ia 4500 | ||
|---|---|---|---|
| 008 | 180523s9999 xx 000 0 und d | ||
| 020 | _a0-07-147043-3 | ||
| 050 | _aMAIN HF 5549.5 | ||
| 050 | _b.I6K33 2006 | ||
| 100 | _aKador, John. | ||
| 245 | 4 | _aThe Manager's book of questions : | |
| 245 | 0 | _b1,001 great interview questions for hiring the best person / | |
| 245 | 0 | _cKador, John. | |
| 250 | _aRevised and Expanded Edition | ||
| 260 | _aNew York : | ||
| 260 | _bMcGraw-Hill, | ||
| 260 | _c2007 | ||
| 300 | _a204 pages : | ||
| 300 | _c23 cm. | ||
| 650 | _aEmployment interviewing. | ||
| 999 |
_c357167 _d357167 |
||